00265nam a2200121Ia 4500008004100000100000900041245002000050260002800070300000900098650001200107942000700119999001700126190216s9999||||xx |||||||||||||| ||und|| aNull 0aScience Nigandu bKerala Basha Instc1975 a403p aPhysics cBK c37850d37850